000 00498nam a2200157Ia 4500
008 210210b2000 xxu||||| |||| 00| 0 eng d
020 _a0 7619 9432 7
082 _a658.3 LYNT
100 _aLYNTON (Rolf P) and PAREEK (Udai).
245 _aTraining for organizational transformation: PII - For trainers consultants and principles.
260 _aN D
_bSage Publications
_c2000
300 _a414
650 _aTrainers Consultants Principals
690 _aPersonnel Management
906 _a056206
999 _c103894
_d103894